000 00325 a2200157 4500
001 58672
020 _a8526217372
040 _cAnchieta - Pituba
100 _aRamos, Hugo de Carvalho
240 1 0 _aInterior
_lpor
245 1 0 _aInterior
300 _a120
362 0 _a1991
650 4 _aFicção brasileira
942 _cBK
999 _c58672
_d58672